Szczegóły MARC21

Sun Tzu - Sztuka wojny dla graczy giełdowych inwestorów /

005 -DATA I CZAS OSTATNIEJ MODYFIKACJI [,]
    • @
    • pole kontrolne
    • 20100903095054.0
020 -Międzynarod. znormalizowany nr książki - ISBN [ , ]
    • a
    • Numer ISBN
    • 8391147517 Find
040 -Instytucja sporządzająca opis [ , ]
    • a
    • Instytucja, która sporządziła opis (NP)
    • SZCZ U/SA
    • c
    • Instytucja, która sporządziła rekord (NP)
    • SZCZ U/SA
    • d
    • Instytucja, która zmodyfikowała rekord (P)
    • SZCZ U/AP
041 -Język dokumentu [1, ]
    • a
    • Język tekstu (P)
    • polski
    • h
    • Język tekstu oryginalnego i/lub pośredniego (P)
    • angielski
044 -Kraj miejsca wydania [ , ]
    • a
    • Kraj miejsca wydania
    • Polska
942 -Rodzaj dokumentu [ , ]
    • c
    • Rodzaj dokumentu
    • Książka
100 -Hasło główne - nazwa osobowa [1, ]
    • 9
    • KHW
    • 16812
    • a
    • Nazwa osobowa (NP)
    • Lundell, Dean.
245 -Strefa tytułu i oznaczenia odpowiedzialności [1,0]
    • a
    • Tytuł
    • Sun Tzu - Sztuka wojny dla graczy giełdowych inwestorów / Find
    • c
    • Pozostałe elementy strefy tytułu i oznaczenia odpowiedzialności (NP)
    • Dean Lundell ; [tł. Mariusz Włoczysiak].
246 -Wariant tytułu [1, ]
    • i
    • Tekst wyświetlany na ekranie monitora (NP)
    • Tyt. oryg.:
    • a
    • Tytuł (NP)
    • Sun Tzu's art of war for traders and investors.
246 -Wariant tytułu [1,4]
    • a
    • Tytuł (NP)
    • Sun Tzu - Sztuka wojny dla graczy giełdowych i inwestorów
260 -Strefa adresu wydawniczego [ , ]
    • a
    • Miejsce wydania (P)
    • Kraków :
    • b
    • Nazwa wydawcy (P)
    • IFC Press,
    • c
    • Data wydania (P)
    • 1999.
300 -Strefa opisu fizycznego [ , ]
    • a
    • Określenie formy książki i/lub objętość (NP)
    • 219 s. ;
    • c
    • Format (NP)
    • 17 x 17 cm.
546 -Uwaga dot. języka [ , ]
    • a
    • Uwaga dot. języka
    • Tł. z jez. ang.
080 -Uniwersalna Klasyfikacja Dziesiętna [ , ]
    • 2
    • Identyfikator wydania tablic
    • UDC-P058
    • 9
    • UKD
    • 3696
    • a
    • Symbol klasyfikacji
    • 355.4
    • b
    • Dopowiedzenie
    • Operacje wojenne. Taktyka i strategia. Sztuka wojenna.
    • 4
    • UKD2
    • 8168
    • x
    • Poddział wspólny
    • (083.1)
    • c
    • Dopowiedzenie poddz. wspólnego
    • (Przepisy. Instrukcje. Poradniki praktyczne).
080 -Uniwersalna Klasyfikacja Dziesiętna [ , ]
    • 2
    • Identyfikator wydania tablic
    • UDC-P058
    • 9
    • UKD
    • 3200
    • a
    • Symbol klasyfikacji
    • 336.764/.768
    • b
    • Dopowiedzenie
    • Transakcje giełdowe. Obrót papierów wartościowych. Lokowanie kapitału w papierach wartościowych. Zarządzanie majątkiem prywatnym (w formie papierów wartościowych).
    • 4
    • UKD2
    • 8168
    • x
    • Poddział wspólny
    • (083.1)
    • c
    • Dopowiedzenie poddz. wspólnego
    • (Przepisy. Instrukcje. Poradniki praktyczne).
980 -Symbol UKD [ , ]
    • a
    • UKD
    • 355.4:336.764/.768](083.1)
700 -Hasło dodatkowe - nazwa osobowa [1, ]
    • 9
    • KHW
    • 47477
    • a
    • Nazwa osobowa (NP)
    • Sunzi Find
    • d
    • Daty biograficzne (NP)
    • ( -6.. a.C.).
    • t
    • Tytuł ujednolicony/tytuł (NP)
    • Sunzi bing fa Find
    • l
    • Język tekstu (NP)
    • (pol.)
700 -Hasło dodatkowe - nazwa osobowa [1, ]
    • 9
    • KHW
    • 492088
    • a
    • Nazwa osobowa (NP)
    • Włoczysiak, Mariusz. Find
    • e
    • Określenie rodzaju współpracy
    • Tł.
920 -ISBN [ , ]
    • a
    • ISBN
    • 83-911475-1-7 Find
Numer inwentarzowy Status udost. Lokalizacja Data inwentaryzacji Obwoluta
T.9912-3T2008-03-171